000 00337nam a22001457a 4500
020 _a978-81-7690-309-4
082 _a894.812
_bPAU/U
100 _aPAUL.M.S
245 _aUTHARADUNIKA KAVITHAPADANANGAL
260 _aTHRISSUR
_bKERALA SAHITHYA ACADEMY
_c2014
300 _a104
520 _aCRITICISM
650 _aCRITICISM
942 _cBK
999 _c5573
_d5573